| 000 | 00615nam a2200229Ia 4500 | ||
|---|---|---|---|
| 003 | OSt | ||
| 005 | 20220928113650.0 | ||
| 006 | a|||||r|||| 00| 0 | ||
| 007 | ta | ||
| 008 | 220927b |||||||| |||| 00| 0 eng d | ||
| 024 | _a55973 | ||
| 037 | _cTextual | ||
| 040 |
_aSDCL _cSDCL _beng |
||
| 041 |
_2eng _aeng |
||
| 082 | _aY15:45.73'N8, M5 | ||
| 100 |
_aMorris Allison _9434346 |
||
| 245 | 0 | _aWomen crime and criminal justice | |
| 260 |
_aOxford _bBasil BlackwelI _c1985 |
||
| 300 |
_avii,270p _ccm. |
||
| 942 |
_hY15:45.73'N8, M5 _cTEXL _2CC |
||
| 999 |
_c750696 _d750696 |
||